000 00460naa a22001217u 4500
008 130517b2002 xxu||||| |||| 00| 0 ger d
040 _aGER
100 1 _aMetspalu, Andres
_912223
245 0 0 _aBiotechnologie als Instrument der Politik: Das Beispiel Estlands
300 _a43-45 p.
_c26 cm.
773 0 _tWem gehört der Mensch?
_aSINCLAIR-HAUS GESPRÄCHE
_dBad Homburg v.d. Höhe,Herbert Quandt-Stiftung,2002,
_gpágs. 43-45
_z3-00-008925-X,
_w70980
942 _cAC
999 _c227233
_d227233